Loading...
Fine Arts - Classical Music | 0 | 3 | 0 | 1 | 30 | 95 | 99.00 | 0 | 0 |
Religion | 0 | 3 | 0 | 1 | 30 | 68 | 98.33 | 0 | 0 |
Literature - British Literature | 0 | 2 | 0 | 0 | 20 | 86 | 99.00 | 0 | 0 |
Painting/Sculpture | 0 | 2 | 0 | 0 | 20 | 67 | 74.50 | 0 | 1 |
Science - Other Science | 0 | 1 | 0 | 0 | 10 | 103 | 103.00 | 0 | 0 |
History - American History | 0 | 1 | 0 | 1 | 10 | 97 | 97.00 | 0 | 0 |
Literature - American Literature | 0 | 1 | 0 | 0 | 10 | 89 | 89.00 | 0 | 0 |
Fine Arts - Other Fine Arts | 0 | 1 | 0 | 1 | 10 | 109 | 109.00 | 0 | 0 |
History - Other History | 0 | 0 | 0 | 0 | 0 | 0.00 | 0 | 0 | |
Social Science | 0 | 0 | 1 | 0 | -5 | 0.00 | 0 | 0 | |
Literature - World Literature | 0 | 0 | 1 | 0 | -5 | 0.00 | 0 | 0 |